000 00941cam a22003017a 4500
001 681296
003 DO-SdBPM
005 20250225110821.0
007 681296
008 110307s2010 pe a 000 0 spa
010 _a
020 _a9786120004227
040 _aDO-SdBPM
_c spa
_bBPMSU
050 0 0 _a
082 4 _aP863.44
_bG186c 2010
_222
100 1 _aGamarra Cortijo, Manuel J.
_d1918-2010.
245 1 3 _aEl cazador y el puma :
_bbasado en una historia real /
_cManuel J. Gamarra Cortijo ; ilustraciones María Elena Gariapaza
250 _a
260 _aLima, Perú :
_bJr. Sentenario
_c2010.
300 _a21 p. :
_bil. ;
_c27 cm.
490 0 _aRelatos andinos
590 _aInventariado, 2024/VM
650 _aCuentos peruanos
_xSiglo XX.
650 _aRelatos personales
_vCuentos
700 1 _aGariapaza, María Elena
_d1982-
_eilustración
910 _aVMateo V. Control de calidad. BPMSU
942 _2ddc
_cBK
999 _c10179
_d10179